[Event "40th Olympiad Women"]
[Site "Istanbul TUR"]
[Date "2012.08.31"]
[Round "4.37"]
[Board "4"]
[White "Meyer, Marany"]
[Black "Kremer, Nadine"]
[Result "1-0"]
[WhiteTitle "WIM"]
[WhiteElo "2117"]
[BlackElo "1788"]
[WhiteTeam "New Zealand"]
[BlackTeam "Luxembourg"]
[WhiteFideId "14300435"]
[BlackFideId "4002970"]
[EventDate "2012.08.28"]

1. e4 c5 2. Nc3 e6 3. f4 a6 4. Nf3 Nc6 5. a3 d5 6. e5 Be7 7. Ne2 Nh6 8. d4 Qb6
9. c3 f6 10. g3 Bd7 11. Bh3 Rc8 12. O-O Na5 13. Kh1 Nb3 14. Rb1 a5 15. Be3 c4
16. g4 Nf7 17. Ng3 fxe5 18. Nxe5 Nxe5 19. fxe5 g6 20. Bh6 Kd8 21. Ne2 Kc7 22.
Rf7 Bf8 23. Bg5 h6 24. Bf6 Rg8 25. Qc2 Kb8 26. Rxd7 Qc6 27. Rh7 g5 28. Ng3 Qe8
29. Rf1 Ka8 30. Nh5 Kb8 31. Bg2 Ka8 32. Bf3 b5 33. Bd1 a4 34. Bg7 Be7 35. Bxh6
Na5 36. Rff7 Nc6 37. Qf2 Rh8 38. Rxh8 Qxh8 39. Bg7 Qd8 40. Bc2 Kb8 41. Bf6 1-0

[Event "40th Olympiad Women"]
[Site "Istanbul TUR"]
[Date "2012.08.31"]
[Round "4.38"]
[Board "4"]
[White "Bukhashem, Fayeqa S"]
[Black "Abdelmenaem, Sohayla"]
[Result "0-1"]
[WhiteTitle "WFM"]
[WhiteElo "1762"]
[BlackElo "1732"]
[WhiteTeam "United Arab Emirates"]
[BlackTeam "Egypt"]
[WhiteFideId "9301593"]
[BlackFideId "10610529"]
[EventDate "2012.08.28"]

1. e4 d6 2. d4 Nd7 3. f4 e5 4. Nf3 Ngf6 5. Nc3 exd4 6. Qxd4 c6 7. a4 Be7 8. Bc4
O-O 9. e5 dxe5 10. fxe5 Bc5 11. Qd3 Re8 12. Bxf7+ Kxf7 13. Ng5+ Kf8 14. Nxh7+
Nxh7 15. Qxh7 Rxe5+ 16. Ne4 Qe7 17. Rf1+ Nf6 18. Qh8+ Kf7 19. Bh6 Rxe4+ 20. Kd1
Bg4+ 21. Kd2 Rxh8 0-1

[Event "40th Olympiad Women"]
[Site "Istanbul TUR"]
[Date "2012.08.31"]
[Round "4.39"]
[Board "1"]
[White "Colombo, Camila"]
[Black "Sanchez Castillo, Sarai"]
[Result "1/2-1/2"]
[WhiteTitle "WIM"]
[BlackTitle "IM"]
[WhiteElo "2095"]
[BlackElo "2193"]
[WhiteTeam "Uruguay"]
[BlackTeam "Venezuela"]
[WhiteFideId "3001822"]
[BlackFideId "3900754"]
[EventDate "2012.08.28"]

1. d4 d5 2. c4 c6 3. Nc3 e6 4. e4 dxe4 5. Nxe4 Nf6 6. Nxf6+ Qxf6 7. Nf3 h6 8.
Be2 Nd7 9. Qc2 Bd6 10. Bd2 Qe7 11. Bc3 e5 12. dxe5 Nxe5 13. O-O-O Nxf3 14. Bxf3
O-O 15. Rhe1 Be6 16. Rd4 Qc7 17. Bg4 Bf4+ 18. Bd2 Bxd2+ 19. Qxd2 Bxg4 20. Rxg4
Rae8 21. Rxe8 Rxe8 22. Qc3 f5 23. Rg3 Re2 24. Rf3 Qxh2 25. Kd1 Re5 26. g3 Qg1+
27. Kc2 Re2+ 28. Kb3 Rxf2 29. Rxf2 Qxf2 30. Qe5 Kh7 31. a3 Qf3+ 32. Ka2 Qe4 33.
Qc3 c5 34. b4 cxb4 35. axb4 a6 36. c5 Qd5+ 37. Ka3 g5 38. Qe3 Qd7 39. Qb3 Kg6
40. Qf3 g4 41. Qb3 Qf7 42. Qd3 Qe6 43. Qd4 Qc6 44. Qe5 Qf6 45. Qe8+ Qf7 46. Qe5
h5 47. Qd6+ Qf6 48. Qb8 Qf7 49. Qd6+ Kg7 50. Qe5+ Kf8 51. Qb8+ Kg7 52. Qe5+ Kh7
53. Qf4 Kg6 54. Qd6+ Qf6 55. Qb8 Qe7 56. Qg8+ Kf6 57. Qh8+ Ke6 58. Qxh5 a5 59.
Qg6+ Ke5 60. Qh6 axb4+ 61. Kxb4 Kd5 62. Qd2+ Kc6 63. Qh6+ Kd7 64. Qd2+ Kc8 65.
Qh6 Qe4+ 66. Ka5 Qe1+ 67. Kb5 Qb1+ 68. Ka5 Qa1+ 69. Kb4 Qd4+ 70. Kb5 Qd3+ 71.
Kb4 Qxg3 72. Qf8+ Kc7 73. Qf7+ Kb8 74. Qg8+ Kc7 75. Qf7+ 1/2-1/2

[Event "40th Olympiad Women"]
[Site "Istanbul TUR"]
[Date "2012.08.31"]
[Round "4.39"]
[Board "2"]
[White "Montilla, Jorcerys"]
[Black "Silva, Natalia"]
[Result "1-0"]
[WhiteElo "2050"]
[BlackElo "1918"]
[WhiteTeam "Venezuela"]
[BlackTeam "Uruguay"]
[WhiteFideId "3900517"]
[BlackFideId "3000575"]
[EventDate "2012.08.28"]

1. d4 f5 2. c4 g6 3. Nc3 Nf6 4. g3 Bg7 5. Bg2 d6 6. Nf3 O-O 7. O-O Nc6 8. Bf4 h6
9. d5 Na5 10. Qd3 c5 11. e4 fxe4 12. Nxe4 Nxe4 13. Qxe4 Bf5 14. Qe2 g5 15. Bd2
e5 16. Ne1 e4 17. Bxe4 Re8 18. f3 Bd4+ 19. Kh1 Nxc4 20. Qxc4 Rxe4 21. fxe4 Bxe4+
22. Ng2 Qd7 23. Bc3 b5 24. Qe2 Bxc3 25. Qxe4 Bxb2 26. Rab1 Re8 27. Qg6+ Bg7 28.
Rbe1 Rb8 29. Re6 1-0

[Event "40th Olympiad Women"]
[Site "Istanbul TUR"]
[Date "2012.08.31"]
[Round "4.39"]
[Board "3"]
[White "de Leon, Patricia"]
[Black "Varela La Madrid, Tilsia Carolin"]
[Result "0-1"]
[WhiteElo "1841"]
[BlackElo "2036"]
[WhiteTeam "Uruguay"]
[BlackTeam "Venezuela"]
[WhiteFideId "3000273"]
[BlackFideId "3903001"]
[EventDate "2012.08.28"]

1. d4 d5 2. c4 c6 3. cxd5 cxd5 4. Nc3 Nf6 5. Bf4 Qb6 6. Qd2 Nc6 7. e3 Bf5 8. f3
e6 9. Rc1 Rc8 10. Nge2 Bb4 11. a3 Be7 12. Na4 Qd8 13. Ng3 Bg6 14. Bb5 O-O 15.
Bxc6 bxc6 16. O-O Nd7 17. b4 Nb6 18. Nb2 f6 19. Ne2 Nd7 20. Qc3 Qb6 21. Bg3 e5
22. Bf2 a5 23. bxa5 Qa6 24. Ng3 Bd8 25. Be1 c5 26. Na4 exd4 27. exd4 c4 28. Qb4
Rb8 29. Nc5 Qa7 30. Qa4 Nxc5 31. dxc5 Qxc5+ 32. Bf2 Qxa5 33. Qc6 Bb6 34. Bxb6
Rxb6 35. Qc7 Ra6 36. Qd7 Qc5+ 37. Kh1 Rxa3 38. Rfe1 Ra7 39. Qe6+ Bf7 40. Qg4 Bg6
41. Qe6+ Kh8 42. h4 Qd4 43. Qh3 Bd3 44. Red1 Qe5 45. Re1 Qc7 46. Qg4 Qd7 47. Qd4
Ra6 48. Nh5 Rd6 49. Nf4 Bg6 50. Red1 Rd8 51. Ne2 Qe6 52. Rd2 Qe5 53. Qf2 Bd3 54.
Nd4 Re8 55. Nb5 Rde6 56. Rcd1 Qf4 57. g3 Qe3 58. Qg2 Qc5 59. Nc3 d4 60. Qf2 Qf5
61. g4 Qe5 0-1

[Event "40th Olympiad Women"]
[Site "Istanbul TUR"]
[Date "2012.08.31"]
[Round "4.39"]
[Board "4"]
[White "Hernandez, Zaida"]
[Black "de San Vicente, Sabrina"]
[Result "1-0"]
[WhiteElo "1990"]
[BlackElo "1730"]
[WhiteTeam "Venezuela"]
[BlackTeam "Uruguay"]
[WhiteFideId "3901041"]
[BlackFideId "3003973"]
[EventDate "2012.08.28"]

1. e4 e5 2. Nf3 Nf6 3. Nc3 Nc6 4. Bb5 Nd4 5. Ba4 Nxf3+ 6. Qxf3 Bc5 7. d3 h6 8.
Qg3 Qe7 9. O-O c6 10. Kh1 g5 11. Qf3 d6 12. Nd5 Nxd5 13. exd5 g4 14. Qe2 b5 15.
Bb3 Qd7 16. c3 Bb7 17. d4 Bb6 18. dxe5 O-O-O 19. e6 fxe6 20. dxe6 Qe7 21. Be3 h5
22. Bxb6 axb6 23. a4 bxa4 24. Rxa4 Kc7 25. Rfa1 Rdf8 26. Ra7 Rf5 27. Qa6 Rb8 28.
Qd3 Rbf8 29. Rxb7+ Kxb7 30. Qa6+ 1-0

[Event "40th Olympiad Women"]
[Site "Istanbul TUR"]
[Date "2012.08.31"]
[Round "4.40"]
[Board "1"]
[White "Antonova, Nadezhda"]
[Black "Sultana, Sharmin Shirin"]
[Result "1/2-1/2"]
[WhiteTitle "WFM"]
[WhiteElo "1909"]
[BlackElo "2002"]
[WhiteTeam "Tajikistan"]
[BlackTeam "Bangladesh"]
[WhiteFideId "14700182"]
[BlackFideId "10204482"]
[EventDate "2012.08.28"]

1. d4 d5 2. Nf3 Nf6 3. e3 c6 4. c4 g6 5. Nc3 Bg7 6. cxd5 cxd5 7. Bd3 O-O 8. O-O
Nc6 9. h3 b6 10. Bd2 Bb7 11. Rc1 Rc8 12. a3 Qd6 13. b4 Rfd8 14. Qe2 e6 15. Rc2
Ne7 16. Rfc1 Ne4 17. Bxe4 dxe4 18. Ng5 e5 19. Ngxe4 Qe6 20. dxe5 Qxe5 21. f4 Qe6
22. Ng5 Qb3 23. Be1 h6 24. Nf3 Bxf3 25. gxf3 Nf5 26. Nd1 Rxc2 27. Rxc2 Re8 28.
Qb5 Rd8 29. Qe2 Re8 30. Qb5 Qxc2 31. Qxe8+ Kh7 32. Qd7 Qe2 33. Bf2 Qxf3 34. Kh2
a5 35. bxa5 bxa5 36. Qd2 h5 37. Be1 a4 38. Bf2 Bh6 39. Nb2 h4 40. Nxa4 Ng3 41.
Qe1 Nf5 42. Nc3 Bg7 43. Nb1 Qe4 44. Nd2 Qc2 45. Nb1 Ng3 46. Kg1 Bb2 47. a4 Qxa4
48. Bxg3 hxg3 49. Kg2 Qc2+ 50. Kxg3 Bc1 51. Qb4 Bxe3 52. Qe1 Qe4 53. Qf1 f5 54.
Nc3 Qd4 55. Ne2 Qd3 56. Qf3 Qd2 57. h4 Qe1+ 58. Kg2 Bc5 59. h5 Qh4 60. hxg6+ Kh6
61. g7 Kxg7 62. Qb7+ Qe7 63. Qxe7+ Bxe7 64. Nd4 Kf6 65. Nxf5 Kxf5 66. Kf3 Bd6
67. Ke3 1/2-1/2

[Event "40th Olympiad Women"]
[Site "Istanbul TUR"]
[Date "2012.08.31"]
[Round "4.40"]
[Board "3"]
[White "Ilhom, Mootribai"]
[Black "Khan, Nazrana"]
[Result "0-1"]
[WhiteElo "1705"]
[BlackElo "2008"]
[WhiteTeam "Tajikistan"]
[BlackTeam "Bangladesh"]
[WhiteFideId "14700204"]
[BlackFideId "10201734"]
[EventDate "2012.08.28"]

1. e4 c5 2. Nc3 e6 3. d3 Nc6 4. g3 Nf6 5. Bg2 a6 6. f4 d6 7. Nf3 Be7 8. O-O Qc7
9. h3 O-O 10. Kh2 b5 11. Be3 Bb7 12. Qe1 g6 13. g4 Rad8 14. Qg3 d5 15. e5 Nd7
16. Bd2 f6 17. exf6 Bxf6 18. Ng5 Nd4 19. Rae1 Bxg5 20. fxg5 Qxg3+ 21. Kxg3 Rxf1
22. Bxf1 b4 23. Ne2 Nxe2+ 24. Rxe2 Kf7 25. Bf4 Re8 26. Be5 Ke7 27. Bf4 Kd8 28.
Be5 Nxe5 29. Rxe5 Kd7 30. Bg2 Kd6 31. Re1 Rf8 32. Bf3 a5 33. Bg2 Bc6 34. Bf3 Ba4
35. Re2 e5 36. Rf2 Bc6 37. Re2 a4 38. Re1 Bb5 39. Rd1 Bd7 40. Re1 Be6 41. Kg2
Ra8 42. Kg3 Rb8 43. Kg2 Rc8 44. Rc1 c4 45. Be2 cxd3 46. Bxd3 Rc5 47. Kf2 e4 48.
Bf1 d4 49. Ke2 Bxa2 50. Bg2 Ke5 51. Kd2 Bd5 52. Ke2 d3+ 53. Kd1 dxc2+ 54. Rxc2
Bb3 0-1

[Event "40th Olympiad Women"]
[Site "Istanbul TUR"]
[Date "2012.08.31"]
[Round "4.40"]
[Board "4"]
[White "Chowdhury, Mahmuda Hoque"]
[Black "Odinaeva, Saodat"]
[Result "1-0"]
[WhiteElo "1827"]
[BlackElo "1741"]
[WhiteTeam "Bangladesh"]
[BlackTeam "Tajikistan"]
[WhiteFideId "10203095"]
[BlackFideId "14700255"]
[EventDate "2012.08.28"]

1. d4 Nf6 2. c4 e6 3. Nc3 c5 4. e3 d5 5. Nf3 Nc6 6. cxd5 exd5 7. h3 Be7 8. dxc5
Bxc5 9. Bb5 O-O 10. O-O a6 11. Ba4 b5 12. Bb3 Ne7 13. a4 b4 14. Ne2 a5 15. Bc2
Ba6 16. Re1 Qc7 17. b3 Ne4 18. Bb2 Rad8 19. Be5 Qb6 20. Nfd4 Ng6 21. Bh2 Qf6 22.
Bxe4 Bxe2 23. Nxe2 dxe4 24. Qc2 Qe7 25. Rac1 Rc8 26. Qb2 Rfd8 27. Rc4 Bb6 28.
Qc2 Rxc4 29. Qxc4 Rd3 30. Ng3 Rc3 31. Qd5 Qe6 32. Qa8+ Rc8 33. Qb7 Qc6 34. Qxc6
Rxc6 35. Nxe4 f5 36. Nd6 Ne7 37. Nc4 Nd5 38. Be5 g6 39. Rd1 Ne7 40. Rd7 Kf8 41.
Bd6 Bc5 42. Rd8+ Kg7 43. Bxe7 Bxe7 44. Rd7 Kf6 45. Rd5 Rc5 46. Rxc5 Bxc5 47.
Nxa5 Ke5 48. Nc4+ Ke4 49. a5 Kd5 50. Kf1 Kc6 51. Ke2 Kd5 52. Kd3 Kc6 53. f3 g5
54. e4 f4 55. e5 Kd5 56. Nb6+ Kxe5 57. Kc4 1-0

[Event "40th Olympiad Women"]
[Site "Istanbul TUR"]
[Date "2012.08.31"]
[Round "4.41"]
[Board "1"]
[White "Vargas, Gabriela"]
[Black "Naipal, Ekaterina"]
[Result "0-1"]
[WhiteTitle "WFM"]
[BlackTitle "WCM"]
[WhiteElo "2050"]
[BlackElo "1756"]
[WhiteTeam "Paraguay"]
[BlackTeam "Suriname"]
[WhiteFideId "3700860"]
[BlackFideId "8200629"]
[EventDate "2012.08.28"]

1. d4 d6 2. c4 e5 3. d5 Nf6 4. Nc3 Bf5 5. f3 Be7 6. e4 Bg6 7. Bd3 O-O 8. Nge2
Nbd7 9. O-O a5 10. g4 Ne8 11. Ng3 Bg5 12. Qe2 Bxc1 13. Raxc1 Qg5 14. Nd1 Qxc1
15. Ne3 Qxf1+ 16. Qxf1 Nef6 17. g5 Ne8 18. h4 f6 19. Nef5 Rf7 20. Qh3 Nf8 21.
Be2 Bxf5 22. exf5 g6 23. Bd3 Ng7 24. Qg4 gxf5 25. Bxf5 Kh8 26. Be6 f5 27. Nxf5
Nfxe6 28. dxe6 Rxf5 29. h5 Rf4 30. Qh3 Re8 31. e7 Nf5 32. h6 Rxe7 33. Qf1 Nd4 0-1

[Event "40th Olympiad Women"]
[Site "Istanbul TUR"]
[Date "2012.08.31"]
[Round "4.41"]
[Board "2"]
[White "Ooft, Tesora"]
[Black "Avalos, Leticia"]
[Result "1/2-1/2"]
[WhiteTitle "WCM"]
[BlackTitle "WCM"]
[WhiteElo "1716"]
[BlackElo "1742"]
[WhiteTeam "Suriname"]
[BlackTeam "Paraguay"]
[WhiteFideId "8200475"]
[BlackFideId "3702073"]
[EventDate "2012.08.28"]

1. e4 e6 2. d4 d5 3. exd5 exd5 4. Bd3 Nc6 5. c3 Nf6 6. Ne2 Bg4 7. Bg5 Be7 8. Nd2
Qd6 9. Qb3 Bxe2 10. Bxe2 O-O-O 11. O-O-O Kb8 12. Rde1 Rhe8 13. Bb5 Nd7 14. Bxc6
Qxc6 15. Bxe7 Rc8 16. Re3 f6 17. a4 a6 18. Rhe1 Nb6 19. a5 Nc4 20. Nxc4 dxc4 21.
Qc2 Qxg2 22. f3 Qg5 23. Kb1 Rh8 24. Bc5 h5 25. Qe2 Qg6+ 26. Ka1 h4 27. Qxc4 h3
28. Qd3 Qg2 29. R3e2 Qg5 30. Qe3 Qd5 31. f4 Qc6 32. Kb1 Qb5 33. Qg3 Qxa5 34.
Qxg7 b6 35. Bb4 Qf5+ 36. Ka1 Qxf4 37. Qg3 Qh6 38. Re6 Rhg8 39. Qe3 Qh4 40. Re4
Qh5 41. Qe2 Qf7 42. Re7 Qb3 43. Qe6 Qc2 44. Qxh3 Rg2 45. Ba3 Rxh2 46. Qe6 f5 47.
Ka2 Qxc3 48. Qxf5 Qxd4 49. Qe5 Qc4+ 50. Ka1 Rc2 51. Qe3 1/2-1/2

[Event "40th Olympiad Women"]
[Site "Istanbul TUR"]
[Date "2012.08.31"]
[Round "4.42"]
[Board "2"]
[White "Lopang, Tshepiso"]
[Black "Isaeva, Aknyr"]
[Result "0-1"]
[WhiteTitle "WFM"]
[WhiteElo "1838"]
[BlackElo "2011"]
[WhiteTeam "Botswana"]
[BlackTeam "Turkmenistan"]
[WhiteFideId "11300515"]
[BlackFideId "14000989"]
[EventDate "2012.08.28"]

1. d4 d5 2. Nf3 Nf6 3. Bf4 Bg4 4. e3 e6 5. h3 Bh5 6. Be2 c5 7. dxc5 Bxc5 8. O-O
O-O 9. Nc3 Nc6 10. a3 a6 11. b4 Bd6 12. Bxd6 Qxd6 13. Na4 Ne4 14. Nh4 Bxe2 15.
Qxe2 Qe7 16. Nf3 b5 17. Nb2 Rac8 18. Qd3 Qf6 19. Nd4 Nxd4 20. exd4 Rc3 21. Qd1
Rfc8 22. f3 Ng3 23. Rf2 Nf5 24. Qd2 Nxd4 25. a4 Rxc2 26. Qe1 Rxf2 27. Kxf2 Rc2+ 0-1

[Event "40th Olympiad Women"]
[Site "Istanbul TUR"]
[Date "2012.08.31"]
[Round "4.42"]
[Board "3"]
[White "Atabayeva, Gozel"]
[Black "Francis, Onkemetse"]
[Result "1-0"]
[WhiteTitle "WFM"]
[WhiteElo "2076"]
[BlackElo "1713"]
[WhiteTeam "Turkmenistan"]
[BlackTeam "Botswana"]
[WhiteFideId "14001896"]
[BlackFideId "11301287"]
[EventDate "2012.08.28"]

1. e4 d5 2. exd5 Qxd5 3. Nc3 Qa5 4. d4 e6 5. Nf3 Nf6 6. Bd3 Nbd7 7. O-O c6 8.
Bf4 Be7 9. h3 O-O 10. a3 Re8 11. Re1 Qd8 12. Qd2 c5 13. Rad1 a6 14. Bh2 cxd4 15.
Nxd4 Nc5 16. Bf1 Bd7 17. Qc1 Qc8 18. Be2 Rd8 19. Bf3 Na4 20. Nxa4 Bxa4 21. b3
Be8 22. c4 Bc5 23. Qb2 Bd6 24. Bxd6 Rxd6 25. Rd2 Qc7 26. Red1 Rad8 27. Ne2 Bc6
28. Bxc6 Qxc6 29. a4 Ne4 30. Rxd6 Rxd6 31. Rxd6 Qxd6 32. Qd4 Qxd4 33. Nxd4 Nc5
34. f4 Kf8 35. a5 Ke7 36. Kf2 Kd6 37. Ke3 f6 38. b4 Nd7 39. Ke4 f5+ 40. Kd3 g6
41. Nf3 h6 42. Kd4 Nf8 43. Ne5 Kc7 44. h4 Kd6 45. b5 Kc7 46. Kc5 axb5 47. cxb5
Nd7+ 48. Nxd7 Kxd7 49. Kb6 Kc8 50. a6 bxa6 51. bxa6 Kb8 52. a7+ Ka8 1-0

[Event "40th Olympiad Women"]
[Site "Istanbul TUR"]
[Date "2012.08.31"]
[Round "4.43"]
[Board "1"]
[White "Gjergji, Rozana"]
[Black "Onur, Cigdem"]
[Result "1-0"]
[WhiteElo "1924"]
[BlackElo "1627"]
[WhiteTeam "Albania"]
[BlackTeam "Turkey 2023"]
[WhiteFideId "4700147"]
[BlackFideId "6346030"]
[EventDate "2012.08.28"]

1. e4 c5 2. Nf3 Nc6 3. c3 d5 4. exd5 Qxd5 5. d4 cxd4 6. cxd4 Bf5 7. Nc3 Qd7 8.
d5 O-O-O 9. dxc6 Qxc6 10. Qa4 Qxa4 11. Nxa4 e6 12. Bd2 Nf6 13. Ne5 Bg6 14. Rc1+
Kb8 15. Bf4 Bb4+ 16. Nc3 Ka8 17. Be2 Nd5 18. Bd2 Rc8 19. O-O Nxc3 20. bxc3 Bd6
21. Nxg6 hxg6 22. h3 Be7 23. Be3 g5 24. Rfd1 Rc7 25. c4 Rhc8 26. Rd2 f5 27. Rcd1
Bf6 28. Rd7 g4 29. hxg4 fxg4 30. c5 Rxd7 31. Rxd7 Rh8 32. Bxg4 e5 33. Bf3 Rb8
34. c6 e4 35. Bxe4 Be5 36. cxb7+ Rxb7 37. Rd8+ Bb8 38. Bf4 1-0

[Event "40th Olympiad Women"]
[Site "Istanbul TUR"]
[Date "2012.08.31"]
[Round "4.43"]
[Board "2"]
[White "Hereklioglu, Sude"]
[Black "Pasku, Roela"]
[Result "1/2-1/2"]
[BlackTitle "WFM"]
[WhiteElo "1586"]
[BlackElo "1915"]
[WhiteTeam "Turkey 2023"]
[BlackTeam "Albania"]
[WhiteFideId "6359531"]
[BlackFideId "4700708"]
[EventDate "2012.08.28"]

1. f4 Nf6 2. e3 g6 3. b3 Bg7 4. Bb2 O-O 5. Nf3 d6 6. Be2 c6 7. O-O Qc7 8. h3 Nh5
9. Bxg7 Nxg7 10. a4 e5 11. fxe5 dxe5 12. e4 Nd7 13. Bc4 b5 14. axb5 cxb5 15. Bd5
Bb7 16. Bxb7 Qxb7 17. Qe2 Nh5 18. Qe1 Rac8 19. Na3 a6 20. d3 Qb6+ 21. Qf2 Qc5
22. Qxc5 Rxc5 23. Rf2 Ng7 24. Raf1 f5 25. Nd2 Rc3 26. exf5 gxf5 27. Nf3 Rc6 28.
Nh4 Rcf6 29. Nf3 Nh5 30. Re1 Re8 31. Nh4 Ng3 32. Kh2 f4 33. Nb1 Rh6 34. Nf3 Nf5
35. Nbd2 Ne3 36. Rfe2 Nxc2 37. Rc1 Ne3 38. Nf1 Nxf1+ 39. Rxf1 Rc6 40. Ng5 Rg6
41. Nf3 Rc6 42. Ng5 Rcc8 43. Ne4 Rc6 44. Ng5 h6 45. Ne4 Kg7 46. Rff2 Rc1 47. Rc2
Rc8 48. Rxc8 Rxc8 49. Ra2 Rc6 50. Rd2 Nf6 51. Kg1 Nxe4 52. dxe4 Rc1+ 53. Kf2 Rb1
54. Rd3 b4 55. Kf3 Rb2 56. g3 fxg3 57. Kxg3 a5 58. Kg4 Kf6 59. Rd6+ Ke7 60. Rd3
Ke6 61. Kh5 Re2 62. Kxh6 Rxe4 63. Kg5 Re1 64. Kg4 Rg1+ 65. Kf3 Kf5 66. Kf2 Rc1
67. Ke2 Kf4 68. Rf3+ Ke4 69. Re3+ Kd5 70. Rd3+ Kc5 71. Re3 Rc2+ 72. Kd1 Ra2 73.
Rxe5+ Kd4 74. Re2 Ra1+ 75. Kc2 Rh1 76. Rd2+ Kc5 77. Rd3 Rh2+ 78. Kd1 a4 79. bxa4
Kc4 80. Rg3 b3 81. Kc1 Kb4 82. Kb1 Ka3 83. Rg1 Kxa4 84. Rg8 Rxh3 85. Ra8+ Kb4
86. Rb8+ Kc3 87. Rc8+ 1/2-1/2

[Event "40th Olympiad Women"]
[Site "Istanbul TUR"]
[Date "2012.08.31"]
[Round "4.43"]
[Board "3"]
[White "Driza, Arta"]
[Black "Okuyaz, Duru"]
[Result "0-1"]
[WhiteTitle "WCM"]
[WhiteElo "1943"]
[BlackElo "1547"]
[WhiteTeam "Albania"]
[BlackTeam "Turkey 2023"]
[WhiteFideId "4700694"]
[BlackFideId "6346022"]
[EventDate "2012.08.28"]

1. e4 e6 2. d4 d5 3. e5 c5 4. f4 Qb6 5. Nf3 cxd4 6. Nxd4 Bc5 7. Bb5+ Bd7 8.
Bxd7+ Nxd7 9. c3 Ne7 10. b3 Bxd4 11. cxd4 Nf5 12. Bb2 O-O 13. Qd3 Rac8 14. O-O
Nb8 15. Nd2 Nc6 16. Nf3 Nb4 17. Qb1 Nc2 18. Rd1 Nxa1 19. Bxa1 Rc6 20. Bb2 Rfc8
21. h3 Rc2 22. Ne1 R2c6 23. Qd3 Qb4 24. g4 Ne7 25. Rd2 Qa5 26. a3 Qa6 27. Qe3 h6
28. Nd3 Qb5 29. Nc5 Rxc5 30. dxc5 Qxc5 31. Qxc5 Rxc5 32. Bd4 Rc1+ 33. Kg2 Nc6
34. Bb2 Rb1 35. b4 Kf8 36. Rc2 a6 37. Bc1 Rb3 38. h4 g6 39. Kh2 Kg7 40. Rg2 Nd4
41. h5 Nf3+ 42. Kh1 Rb1 43. Rc2 Nd4 44. Rc7 Nb3 45. f5 Rxc1+ 46. Rxc1 Nxc1 47.
hxg6 fxg6 48. fxe6 Kf8 49. Kg2 Ke7 50. Kf3 Kxe6 0-1

[Event "40th Olympiad Women"]
[Site "Istanbul TUR"]
[Date "2012.08.31"]
[Round "4.45"]
[Board "1"]
[White "Cordero, Daniela"]
[Black "Barria, Raisa"]
[Result "1/2-1/2"]
[WhiteTitle "WIM"]
[BlackTitle "WCM"]
[WhiteElo "2055"]
[BlackElo "1946"]
[WhiteTeam "Bolivia"]
[BlackTeam "Panama"]
[WhiteFideId "3301630"]
[BlackFideId "6600336"]
[EventDate "2012.08.28"]

1. d4 d5 2. c4 c6 3. Qc2 dxc4 4. Qxc4 Nf6 5. Nf3 Bf5 6. e3 Nbd7 7. Nbd2 e6 8.
Be2 Be7 9. O-O O-O 10. Nh4 Nb6 11. Qb3 Be4 12. Nxe4 Nxe4 13. Nf3 Bd6 14. Qc2 f5
15. Bd3 Nf6 16. e4 fxe4 17. Bxe4 h6 18. Bg6 Nbd5 19. Re1 Qd7 20. Qe2 Bf4 21. g3
Bxc1 22. Raxc1 Nc7 23. Rc5 Nfd5 24. Ne5 Qd6 25. Bb1 Nf6 26. Rd1 Rad8 27. Ng6
Rfe8 28. Re5 Nb5 29. Rxb5 cxb5 30. Qxb5 b6 31. a4 Qd5 32. Qb4 Qf3 33. Re1 Ng4
34. Qd2 e5 35. Be4 Qf7 36. Qe2 Qd7 37. dxe5 h5 38. Qc4+ Qe6 39. Qxe6+ Rxe6 40.
f4 Rd2 41. f5 Re8 42. e6 Nf2 43. Bc6 Nh3+ 44. Kh1 Rb8 45. e7 Nf2+ 46. Kg1 Nh3+ 1/2-1/2

[Event "40th Olympiad Women"]
[Site "Istanbul TUR"]
[Date "2012.08.31"]
[Round "4.45"]
[Board "2"]
[White "Gonzalez, Yaribeth"]
[Black "Borda, Carla"]
[Result "1/2-1/2"]
[WhiteTitle "WCM"]
[BlackTitle "WCM"]
[WhiteElo "1796"]
[BlackElo "1977"]
[WhiteTeam "Panama"]
[BlackTeam "Bolivia"]
[WhiteFideId "6600344"]
[BlackFideId "3301087"]
[EventDate "2012.08.28"]

1. e4 c6 2. Nf3 d5 3. exd5 cxd5 4. d4 Bg4 5. Be2 Nf6 6. Ne5 Bxe2 7. Qxe2 Qb6 8.
O-O e6 9. Re1 Be7 10. Nc3 O-O 11. Qd3 Nc6 12. Be3 Rac8 13. Nxc6 Qxc6 14. Bg5 Qc4
15. Qd2 b5 16. a3 a5 17. Qe2 b4 18. axb4 axb4 19. Nb5 Qxc2 20. Ra7 Qxe2 21. Rxe2
Ne4 22. Rxe7 Nxg5 23. h4 Rc1+ 24. Kh2 Ne4 25. f3 Nf6 26. Rd2 g6 27. Nd6 Rc6 28.
Nb7 Ra8 29. Nc5 Rb6 30. g4 Ne8 31. Nd7 Rba6 32. Ne5 R6a7 33. Rxa7 Rxa7 34. Nc6
Rb7 35. Na5 Rb5 36. Nb3 Nd6 37. Rc2 Nc4 38. Kg3 Kg7 39. Re2 Rb8 40. Nc5 Ra8 41.
Nd3 Ra2 42. Nxb4 Rxb2 43. Rxb2 Nxb2 44. Nc6 Nc4 45. f4 Nd2 46. g5 h6 47. Ne5
hxg5 48. hxg5 Kf8 49. Kf2 Nb3 50. Ke3 Na5 51. Kd3 Ke7 52. Kc3 Nb7 53. Nc6+ Kf8
54. Ne5 Nd6 55. Kd3 Kg7 56. Nd7 Ne4 57. Ke3 Nd6 58. Nf6 Kf8 59. Nd7+ Ke7 60. Nf6
Ne8 61. Ng4 Nd6 62. Nf6 Kd8 63. Kd3 Kc7 64. Ng4 Kd8 65. Nf6 Nc4 66. Ng4 Ke7 67.
Nf6 Nb6 68. Ng8+ Kf8 69. Nf6 Nc4 70. Nd7+ Kg7 71. Nf6 Nd6 72. Nd7 Ne4 73. Ke3
Nd6 74. Nf6 Kf8 75. Nd7+ Ke7 76. Nf6 Kd8 77. Kd3 1/2-1/2

[Event "40th Olympiad Women"]
[Site "Istanbul TUR"]
[Date "2012.08.31"]
[Round "4.45"]
[Board "3"]
[White "Estrada, Lucia"]
[Black "Arosemena, Betty"]
[Result "1-0"]
[WhiteTitle "WIM"]
[WhiteElo "2026"]
[BlackElo "1657"]
[WhiteTeam "Bolivia"]
[BlackTeam "Panama"]
[WhiteFideId "3301923"]
[BlackFideId "6600425"]
[EventDate "2012.08.28"]

1. d4 d5 2. Nf3 Nf6 3. e3 e6 4. Bd3 Be7 5. Nbd2 O-O 6. b3 c6 7. Bb2 Nbd7 8. O-O
Re8 9. Ne5 Nxe5 10. dxe5 Nd7 11. f4 Nf8 12. g4 Bc5 13. Qe1 Qb6 14. Rf3 Be7 15.
g5 Ng6 16. h4 Bc5 17. Nf1 Be7 18. h5 Nf8 19. Qg3 Bd7 20. g6 fxg6 21. hxg6 h6 22.
Nh2 Bc5 23. Ng4 Re7 24. Kh1 Be8 25. Rg1 Qc7 26. Qh3 Bxg6 27. Nf6+ Kf7 28. Bxg6+
Nxg6 29. Qh5 Rh8 30. Qxg6+ Kf8 31. Nh5 Rf7 32. Qxe6 Qd8 33. Qg4 Rg8 34. e6 1-0

[Event "40th Olympiad Women"]
[Site "Istanbul TUR"]
[Date "2012.08.31"]
[Round "4.46"]
[Board "1"]
[White "Richards, Deborah"]
[Black "Vovk, Oksana"]
[Result "0-1"]
[WhiteTitle "WFM"]
[BlackTitle "WIM"]
[WhiteElo "1997"]
[BlackElo "2159"]
[WhiteTeam "Jamaica"]
[BlackTeam "Denmark"]
[WhiteFideId "7400446"]
[BlackFideId "1404695"]
[EventDate "2012.08.28"]

1. c4 e5 2. Nc3 Nf6 3. Nf3 Nc6 4. g3 d5 5. cxd5 Nxd5 6. Bg2 Nb6 7. O-O Be7 8. a3
a5 9. d3 O-O 10. Be3 Be6 11. Rc1 f6 12. Ne4 Nd4 13. Nfd2 Qd7 14. Nc5 Bxc5 15.
Rxc5 c6 16. Rc1 Nd5 17. Nc4 Nxe3 18. fxe3 Nf5 19. Rxf5 Bxc4 20. Rf1 Bd5 21.
Bxd5+ Qxd5 22. Qc2 Rfd8 23. Qc4 Ra6 24. Qxd5+ Rxd5 25. a4 Rb6 26. Rc2 Rb3 27.
Ra1 e4 28. dxe4 Re5 29. Rc4 Rxe3 30. Rd1 R5xe4 31. Rc5 Rxa4 32. Kf2 Re7 33. Rd3
Rae4 34. e3 a4 35. b3 Kf7 36. bxa4 Rxa4 37. h4 Ke6 38. Rc2 Rd7 39. Rb3 Ra1 40.
Rb4 Rad1 41. Ke2 Rh1 42. Kf3 Rf1+ 43. Ke2 Rg1 44. Kf2 Rgd1 45. Ke2 R1d5 46. Rb6
Rc7 47. Rcb2 Rdd7 48. Kf3 Ke5 49. g4 c5 50. R6b5 Kd5 51. Rb6 c4 52. Ke2 c3 53.
Rc2 Kc4 54. g5 fxg5 55. hxg5 Rd5 56. g6 hxg6 57. Rc1 Rd2+ 0-1